00995nam a2200277Ia 450000500170000000800270001702000180004410000440006224501180010625000350022430000260025950000210028565000270030665000370033365000420037065000290041265000310044170000330047270000500050526400280055533600270058333700330061033800280064304000350067108400110070620220317000311.0141031s9999 ck 000 0 spa d a97897062714191 aGoethe, Johann Wolfang Von, d1749-183210aFausto cJohann Wolfgang Goethe ; prólogo por Gloria Domínguez Castañeda ; traducción de Jaime Gómez R. a1a ediciónb2a reimpresión a350 páginasc22 cm. aIncluye índice142LEMBaAutores alemanes142LEMBaTeatro alemanySiglo XVIII142LEMBaLiteratura alemanaySiglo XVIII142LEMBaBien y malvTeatro142LEMBaRomanticismovTeatro1 aGómez R., Jaimeetraductor1 aDomínguez Castañeda, Gloria eprologuista aMéxicobÉpocac2009 atextobtxt2rdacontent asin mediaciónbn2rdamedia avolumenbnc2rdacarrier aCO-BoRNBPbspaerdacCO-BoRNBP aT GOE1